[Event "Tradewise Gibraltar Masters 16th"]
[Site "Gibraltar"]
[Date "2018.02.01"]
[Round "10.40"]
[White "Short, Nigel D"]
[Black "Bakalchuk, Johnatan"]
[Result "1/2-1/2"]
[WhiteElo "2681"]
[BlackElo "2400"]
[PlyCount "90"]
[EventDate "2018.01.23"]
[EventType "swiss"]
[EventRounds "10"]
[EventCountry "GGB"]
[SourceTitle "BritBase"]
[Source "www.saund.co.uk"]
[SourceDate "2018.02.10"]
[SourceVersion "1"]
[SourceVersionDate "2018.02.10"]
[SourceQuality "1"]

1. g3 g6 2. Bg2 Bg7 3. e4 c5 4. Ne2 Nc6 5. O-O d6 6. f4 h5 7. h3 f5 8. d3 h4 9.
Qe1 Nf6 10. gxh4 e6 11. Na3 Qe7 12. e5 Nd5 13. Nc4 dxe5 14. fxe5 Qxh4 15. Qxh4
Rxh4 16. Bg5 Rh5 17. h4 Nxe5 18. Bxd5 exd5 19. Nxe5 Bxe5 20. Rae1 Kf7 21. b4
cxb4 22. Nf4 Bxf4 23. Rxf4 Be6 24. Rxb4 b6 25. a4 Rhh8 26. a5 Rab8 27. Ra1 bxa5
28. Rxb8 Rxb8 29. Rxa5 Rb7 30. Kf2 d4 31. Ke2 Bd7 32. Bf4 Bc6 33. Rc5 Bb5 34.
Be5 a5 35. Bxd4 a4 36. c4 Bd7 37. Ra5 f4 38. Be5 Bg4+ 39. Kd2 Bf5 40. Rxa4 Rb3
41. Ra7+ Ke6 42. Bc3 f3 43. Ra1 Bh3 44. Bd4 Bf5 45. Bc3 Bh3 1/2-1/2

[Event "Tradewise Gibraltar Masters 16th"]
[Site "Gibraltar"]
[Date "2018.02.01"]
[Round "10.41"]
[White "Anton Guijarro, David"]
[Black "Gaehwiler, Gabriel"]
[Result "1-0"]
[WhiteElo "2666"]
[BlackElo "2428"]
[PlyCount "49"]
[EventDate "2018.01.23"]
[EventType "swiss"]
[EventRounds "10"]
[EventCountry "GGB"]
[SourceTitle "BritBase"]
[Source "www.saund.co.uk"]
[SourceDate "2018.02.10"]
[SourceVersion "1"]
[SourceVersionDate "2018.02.10"]
[SourceQuality "1"]

1. Nf3 Nf6 2. g3 b6 3. d4 Bb7 4. c4 e6 5. Bg2 g6 6. O-O Bg7 7. Nc3 d5 8. cxd5
exd5 9. Qa4+ c6 10. Bg5 O-O 11. e4 h6 12. Bxf6 Bxf6 13. exd5 cxd5 14. Ne5 Qd6
15. Rac1 Na6 16. Nb5 Qd8 17. f4 Re8 18. Bh3 Qe7 19. a3 Bg7 20. Rc3 Nc5 21. dxc5
bxc5 22. Qc2 Bf8 23. b4 a6 24. Rxc5 axb5 25. Rc7 1-0

[Event "Tradewise Gibraltar Masters 16th"]
[Site "Gibraltar"]
[Date "2018.02.01"]
[Round "10.42"]
[White "Banusz, Tamas"]
[Black "Vega Gutierrez, Sabrina"]
[Result "1-0"]
[WhiteElo "2641"]
[BlackElo "2427"]
[PlyCount "76"]
[EventDate "2018.01.23"]
[EventType "swiss"]
[EventRounds "10"]
[EventCountry "GGB"]
[SourceTitle "BritBase"]
[Source "www.saund.co.uk"]
[SourceDate "2018.02.10"]
[SourceVersion "1"]
[SourceVersionDate "2018.02.10"]
[SourceQuality "1"]

1. c4 c6 2. Nf3 d5 3. g3 Bg4 4. Qb3 Qb6 5. Ne5 Be6 6. d3 Nd7 7. Nxd7 Bxd7 8.
Nc3 e6 9. Be3 Qxb3 10. axb3 a6 11. Na4 Nf6 12. Bg2 Bd6 13. f4 h5 14. Bd4 h4 15.
O-O-O b5 16. Nc5 Bxc5 17. Bxc5 O-O-O 18. Bf3 Nh5 19. Rhg1 hxg3 20. hxg3 f5 21.
Bd4 Nf6 22. Be5 Be8 23. g4 fxg4 24. Bxg4 Nxg4 25. Rxg4 Rd7 26. cxd5 cxd5 27.
Kd2 Rh3 28. Rc1+ Kb7 29. Rg2 Bh5 30. Bxg7 Rc7 31. Rcg1 Rh4 32. Be5 Rf7 33. Ke3
Rh7 34. Kd4 Kc6 35. b4 Rf7 36. e3 Bf3 37. Rc2+ Kb7 38. Rg8 Rh1 1-0

[Event "Tradewise Gibraltar Masters 16th"]
[Site "Gibraltar"]
[Date "2018.02.01"]
[Round "10.43"]
[White "Melia, Salome"]
[Black "Georgiev, Kiril"]
[Result "0-1"]
[WhiteElo "2404"]
[BlackElo "2623"]
[PlyCount "90"]
[EventDate "2018.01.23"]
[EventType "swiss"]
[EventRounds "10"]
[EventCountry "GGB"]
[SourceTitle "BritBase"]
[Source "www.saund.co.uk"]
[SourceDate "2018.02.10"]
[SourceVersion "1"]
[SourceVersionDate "2018.02.10"]
[SourceQuality "1"]

1. e4 c5 2. Nf3 d6 3. Bb5+ Nd7 4. c3 Ngf6 5. Qe2 a6 6. Ba4 c4 7. Bc2 b5 8. b3
cxb3 9. axb3 e6 10. O-O Be7 11. d4 Bb7 12. Bb2 O-O 13. Nbd2 Qc7 14. Rfc1 e5 15.
c4 bxc4 16. Nxc4 exd4 17. Na5 Qb8 18. Nxd4 Re8 19. Ndc6 Bxc6 20. Nxc6 Qb7 21.
Nxe7+ Rxe7 22. Re1 h6 23. Qd3 Re6 24. Qd4 Rc8 25. Bd3 Nc5 26. Bc4 Nxb3 27. Bxb3
Qxb3 28. Rxa6 Rc4 29. Qb6 Rb4 30. Qd8+ Re8 31. Bxf6 Rxd8 32. Bxd8 Rxe4 33. Raa1
Rxe1+ 34. Rxe1 Qb4 35. Rd1 Qb3 36. Re1 d5 37. h3 d4 38. Ba5 d3 39. Re8+ Kh7 40.
Rd8 Qd1+ 41. Kh2 Qe2 42. f4 Qe3 43. Kh1 Qc1+ 44. Kh2 Qxf4+ 45. Kh1 Qg5 0-1

[Event "Tradewise Gibraltar Masters 16th"]
[Site "Gibraltar"]
[Date "2018.02.01"]
[Round "10.44"]
[White "Papp, Gabor"]
[Black "Raja, Harshit"]
[Result "1-0"]
[WhiteElo "2607"]
[BlackElo "2427"]
[PlyCount "67"]
[EventDate "2018.01.23"]
[EventType "swiss"]
[EventRounds "10"]
[EventCountry "GGB"]
[SourceTitle "BritBase"]
[Source "www.saund.co.uk"]
[SourceDate "2018.02.10"]
[SourceVersion "1"]
[SourceVersionDate "2018.02.10"]
[SourceQuality "1"]

1. e4 c5 2. Nf3 d6 3. d4 cxd4 4. Nxd4 Nf6 5. Nc3 a6 6. Be2 e5 7. Nb3 Be7 8. Be3
Be6 9. Nd5 Nxd5 10. exd5 Bc8 11. Qd2 O-O 12. O-O Nd7 13. Na5 f5 14. f4 exf4 15.
Bxf4 Nc5 16. Bf3 g5 17. Be3 g4 18. Be2 Bf6 19. Rae1 Be5 20. Bxg4 Ne4 21. Qb4
fxg4 22. Rxf8+ Kxf8 23. Bh6+ Kg8 24. Rxe4 Bf5 25. Rxe5 dxe5 26. Qxb7 Bd7 27.
Nc6 Qe8 28. d6 Kf7 29. Ne7 Rb8 30. Qd5+ Be6 31. Qxe5 Qb5 32. Qg7+ Ke8 33. d7+
Kxd7 34. Nf5+ 1-0

[Event "Tradewise Gibraltar Masters 16th"]
[Site "Gibraltar"]
[Date "2018.02.01"]
[Round "10.45"]
[White "Vasquez Schroeder, Rodrigo"]
[Black "Sonis, Francesco"]
[Result "1/2-1/2"]
[WhiteElo "2554"]
[BlackElo "2425"]
[PlyCount "144"]
[EventDate "2018.01.23"]
[EventType "swiss"]
[EventRounds "10"]
[EventCountry "GGB"]
[SourceTitle "BritBase"]
[Source "www.saund.co.uk"]
[SourceDate "2018.02.10"]
[SourceVersion "1"]
[SourceVersionDate "2018.02.10"]
[SourceQuality "1"]

1. e4 e6 2. d4 d5 3. Nc3 Nf6 4. e5 Nfd7 5. Nce2 c5 6. f4 Nc6 7. c3 Be7 8. Nf3
O-O 9. a3 f6 10. h4 Qb6 11. b4 cxd4 12. cxd4 Kh8 13. Qd3 Re8 14. Bd2 Nf8 15. g3
Bd7 16. Nc1 Rec8 17. Nb3 a6 18. Qe3 Be8 19. h5 fxe5 20. fxe5 h6 21. Nc5 a5 22.
Na4 Qd8 23. b5 Nb8 24. Qb3 Nbd7 25. Bd3 Nh7 26. Ke2 Ng5 27. Bxg5 Bxg5 28. Raf1
Kg8 29. b6 Be7 30. Bb1 Nf8 31. Nc5 Bxc5 32. dxc5 Rxc5 33. Nd4 Bf7 34. Rh4 Qg5
35. Qf3 Qxe5+ 36. Kd1 Bxh5 37. Qxh5 Qxh5+ 38. Rxh5 Rc3 39. Rf3 Rxf3 40. Nxf3
Ra6 41. Ne5 Rxb6 42. Bc2 Rb2 43. g4 Rb5 44. Rh3 d4 45. Nf3 e5 46. Rh5 Rc5 47.
Nxd4 g6 48. Bxg6 Rd5 49. Bf5 Rxd4+ 50. Ke2 Kg7 51. Bc8 Ng6 52. Ke3 b5 53. g5
hxg5 54. Rxg5 Ra4 55. Bd7 Rxa3+ 56. Ke4 Ra4+ 57. Ke3 Ra3+ 58. Ke4 Kh6 59. Rg1
b4 60. Be8 Nf4 61. Bf7 Ne2 62. Rg6+ Kh7 63. Rb6 Kg7 64. Bc4 Nc1 65. Kxe5 Rg3
66. Kf5 b3 67. Rb7+ Kf8 68. Bd5 Rd3 69. Kf6 Ke8 70. Ke6 Kf8 71. Kf6 Ke8 72. Ke6
Kf8 1/2-1/2

[Event "Tradewise Gibraltar Masters 16th"]
[Site "Gibraltar"]
[Date "2018.02.01"]
[Round "10.46"]
[White "Sukandar, Irine Kharisma"]
[Black "Baron, Tal"]
[Result "1/2-1/2"]
[WhiteElo "2387"]
[BlackElo "2548"]
[PlyCount "66"]
[EventDate "2018.01.23"]
[EventType "swiss"]
[EventRounds "10"]
[EventCountry "GGB"]
[SourceTitle "BritBase"]
[Source "www.saund.co.uk"]
[SourceDate "2018.02.10"]
[SourceVersion "1"]
[SourceVersionDate "2018.02.10"]
[SourceQuality "1"]

1. e4 e6 2. d3 d5 3. Nd2 c5 4. Ngf3 Nc6 5. g3 Bd6 6. Bg2 Nge7 7. O-O O-O 8. Re1
Qc7 9. b3 f6 10. a4 Kh8 11. Ba3 d4 12. Nc4 e5 13. Nfd2 b6 14. Rf1 g5 15. Nxd6
Qxd6 16. Nc4 Qc7 17. Qd2 Ng6 18. b4 cxb4 19. Bxb4 Nxb4 20. Qxb4 Be6 21. a5 Bxc4
22. axb6 Qxb6 23. Qxc4 Rfc8 24. Qa2 Qc6 25. Rfb1 Qxc2 26. Qf7 Rf8 27. Qd7 Qc8
28. Rxa7 Qxd7 29. Rxd7 Rfb8 30. Rc1 Rc8 31. Rb1 Rcb8 32. Rc1 Rc8 33. Rb1 Rcb8
1/2-1/2

[Event "Tradewise Gibraltar Masters 16th"]
[Site "Gibraltar"]
[Date "2018.02.01"]
[Round "10.47"]
[White "Mkrtchian, Lilit"]
[Black "Moroni, Luca Jr"]
[Result "1/2-1/2"]
[WhiteElo "2378"]
[BlackElo "2547"]
[PlyCount "133"]
[EventDate "2018.01.23"]
[EventType "swiss"]
[EventRounds "10"]
[EventCountry "GGB"]
[SourceTitle "BritBase"]
[Source "www.saund.co.uk"]
[SourceDate "2018.02.10"]
[SourceVersion "1"]
[SourceVersionDate "2018.02.10"]
[SourceQuality "1"]

1. d4 d5 2. c4 e6 3. Nc3 Nf6 4. cxd5 exd5 5. Bg5 c6 6. e3 h6 7. Bh4 Be6 8. Bd3
Nbd7 9. f4 g5 10. Bg3 Ne4 11. Nxe4 dxe4 12. Bxe4 Nf6 13. Bd3 Bb4+ 14. Kf1 Nd5
15. Qe2 Qf6 16. Qf2 gxf4 17. exf4 Rg8 18. Nf3 Nxf4 19. Ne5 Nh5 20. Bh4 Qxf2+
21. Kxf2 Bd5 22. Rhg1 Nf4 23. Bg3 Ne6 24. Nf3 O-O-O 25. Be5 Ba5 26. Bh7 Rge8
27. Bf5 b5 28. Bf6 Rd6 29. Ne5 Bb6 30. Rgd1 Kb7 31. Nxf7 Rd7 32. Ne5 Rc7 33.
Nf3 Bxf3 34. gxf3 Nf4 35. Be4 Re6 36. Bh4 Rd7 37. Kf1 Rxd4 38. Rac1 Nd5 39. Bf2
Ne3+ 40. Bxe3 Rxd1+ 41. Rxd1 Bxe3 42. Ke2 Bf4 43. h3 a5 44. b3 Kb6 45. Rd3 Re8
46. Rd7 Re6 47. Rf7 Bg5 48. Rg7 Kc5 49. Rg6 Rxg6 50. Bxg6 Kb4 51. Be8 c5 52.
Kd3 a4 53. bxa4 Kxa4 54. Kc2 Bf4 55. Bd7 Kb4 56. Be8 Kc4 57. Bd7 b4 58. Be6+
Kd4 59. Kb3 Bd6 60. Bf7 Ke3 61. Bh5 Kf4 62. Bg4 Be5 63. Bh5 Kg5 64. Bf7 Bd4 65.
Be6 Kf4 66. Bg4 Ke3 67. Bh5 1/2-1/2

[Event "Tradewise Gibraltar Masters 16th"]
[Site "Gibraltar"]
[Date "2018.02.01"]
[Round "10.48"]
[White "Dvirnyy, Danyyil"]
[Black "Martinez Martin, David"]
[Result "1/2-1/2"]
[WhiteElo "2534"]
[BlackElo "2399"]
[PlyCount "126"]
[EventDate "2018.01.23"]
[EventType "swiss"]
[EventRounds "10"]
[EventCountry "GGB"]
[SourceTitle "BritBase"]
[Source "www.saund.co.uk"]
[SourceDate "2018.02.10"]
[SourceVersion "1"]
[SourceVersionDate "2018.02.10"]
[SourceQuality "1"]

1. d4 Nf6 2. c4 e6 3. Nc3 Bb4 4. Qc2 O-O 5. a3 Bxc3+ 6. Qxc3 d5 7. Nf3 dxc4 8.
Qxc4 b6 9. Bg5 Ba6 10. Qa4 c5 11. Rd1 cxd4 12. Nxd4 Qd7 13. Qb3 Rd8 14. Bxf6
gxf6 15. Qg3+ Kh8 16. Qf3 Qd5 17. Qxf6+ Kg8 18. Qf3 Qxf3 19. exf3 Bxf1 20. Rxf1
Rd5 21. f4 Na6 22. Nc6 Rc5 23. Ne5 Rac8 24. Ke2 Rc2+ 25. Rd2 Rxd2+ 26. Kxd2 Nc5
27. Rd1 f6 28. Ng4 f5 29. Ne3 Na4 30. Rc1 Rd8+ 31. Kc2 Nc5 32. Rd1 Rc8 33. f3
a5 34. b4 axb4 35. axb4 Na4+ 36. Kd2 Nb2 37. Re1 b5 38. g3 Kf7 39. Ra1 Nc4+ 40.
Nxc4 Rxc4 41. Ra7+ Kg6 42. Re7 Kf6 43. Rxh7 Rxb4 44. Rh8 Rb3 45. Ke2 Rb2+ 46.
Ke3 Rb3+ 47. Kf2 Rb2+ 48. Kg1 Rb1+ 49. Kg2 Rb2+ 50. Kh3 Rf2 51. Rb8 Rxf3 52.
Rxb5 Rf2 53. Rb1 Ra2 54. Rg1 e5 55. fxe5+ Kxe5 56. Rg2 Ra4 57. Rb2 Kf6 58. Rf2
Kg5 59. Kg2 f4 60. Rxf4 Rxf4 61. gxf4+ Kxf4 62. h4 Kg4 63. h5 Kxh5 1/2-1/2

[Event "Tradewise Gibraltar Masters 16th"]
[Site "Gibraltar"]
[Date "2018.02.01"]
[Round "10.49"]
[White "Lei, Tingjie"]
[Black "Shachar, Ehud"]
[Result "1-0"]
[WhiteElo "2531"]
[BlackElo "2401"]
[PlyCount "67"]
[EventDate "2018.01.23"]
[EventType "swiss"]
[EventRounds "10"]
[EventCountry "GGB"]
[SourceTitle "BritBase"]
[Source "www.saund.co.uk"]
[SourceDate "2018.02.10"]
[SourceVersion "1"]
[SourceVersionDate "2018.02.10"]
[SourceQuality "1"]

1. e4 e6 2. d4 d5 3. Nd2 dxe4 4. Nxe4 Bd7 5. Nf3 Bc6 6. Bd3 Nd7 7. c3 Ngf6 8.
Nxf6+ Nxf6 9. O-O Bxf3 10. Qxf3 Qd5 11. Qe2 Qh5 12. Qxh5 Nxh5 13. f4 g6 14. g4
Ng7 15. f5 gxf5 16. gxf5 Nxf5 17. Bxf5 Rg8+ 18. Kh1 exf5 19. Rxf5 Bd6 20. Bg5
Rg6 21. Raf1 Kf8 22. Rxf7+ Kg8 23. Be7 Bxe7 24. Rxe7 Rg7 25. Rg1 Rxg1+ 26. Kxg1
Rc8 27. Kg2 b5 28. Kf3 a5 29. d5 Rf8+ 30. Ke4 Rf2 31. Rxc7 Kf8 32. d6 Ke8 33.
Kd5 Rxb2 34. Kc6 1-0

[Event "Tradewise Gibraltar Masters 16th"]
[Site "Gibraltar"]
[Date "2018.02.01"]
[Round "10.50"]
[White "Tate, Alan"]
[Black "Libiszewski, Fabien"]
[Result "1-0"]
[WhiteElo "2358"]
[BlackElo "2530"]
[PlyCount "141"]
[EventDate "2018.01.23"]
[EventType "swiss"]
[EventRounds "10"]
[EventCountry "GGB"]
[SourceTitle "BritBase"]
[Source "www.saund.co.uk"]
[SourceDate "2018.02.10"]
[SourceVersion "1"]
[SourceVersionDate "2018.02.10"]
[SourceQuality "1"]

1. Nf3 g6 2. d4 Bg7 3. g3 d6 4. Bg2 Nd7 5. O-O e5 6. dxe5 dxe5 7. Nc3 Ngf6 8.
Nd2 O-O 9. Nc4 Qe7 10. b3 e4 11. Ba3 c5 12. Qd6 Qxd6 13. Nxd6 Ng4 14. Rad1 e3
15. f4 Bxc3 16. Nxc8 Raxc8 17. Rxd7 b6 18. Bc1 Rcd8 19. Rxd8 Rxd8 20. Bf3 Nf2
21. Bxe3 Nd1 22. Bc1 Bd4+ 23. Kg2 Ne3+ 24. Bxe3 Bxe3 25. Be4 f5 26. Bd3 Kg7 27.
Kf3 Re8 28. Bb5 Re7 29. Re1 Re6 30. Rd1 Re7 31. a4 Bd4 32. Rd3 Bf6 33. e3 Rf7
34. Bc4 Re7 35. Bb5 Rf7 36. h3 h5 37. Bc4 Re7 38. Rd2 Bb2 39. Rd1 Bf6 40. Bd3
Bc3 41. Bb5 Bf6 42. Rd3 Rf7 43. Rd2 Re7 44. Rd6 Rf7 45. Bd3 Bc3 46. g4 hxg4+
47. hxg4 fxg4+ 48. Kxg4 Rf6 49. Rd7+ Rf7 50. Rd6 Rf6 51. Rd7+ Rf7 52. Rd5 Bb2
53. Rg5 Rf6 54. f5 Bc1 55. fxg6 c4 56. bxc4 Bxe3 57. Rh5 a5 58. Rh7+ Kg8 59.
Kg3 Bf4+ 60. Kg2 Kf8 61. Rh8+ Kg7 62. Rh7+ Kf8 63. Rb7 Bh6 64. Kg3 Rc6 65. Kg4
Bg7 66. Rf7+ Kg8 67. Kf5 Bc3 68. Be4 Rxc4 69. Bd5 Rc5 70. Ke4 Bb2 71. c4 1-0

[Event "Tradewise Gibraltar Masters 16th"]
[Site "Gibraltar"]
[Date "2018.02.01"]
[Round "10.51"]
[White "Bellon Lopez, Juan Manuel"]
[Black "Antal, Gergely"]
[Result "0-1"]
[WhiteElo "2334"]
[BlackElo "2522"]
[PlyCount "70"]
[EventDate "2018.01.23"]
[EventType "swiss"]
[EventRounds "10"]
[EventCountry "GGB"]
[SourceTitle "BritBase"]
[Source "www.saund.co.uk"]
[SourceDate "2018.02.10"]
[SourceVersion "1"]
[SourceVersionDate "2018.02.10"]
[SourceQuality "1"]

1. d4 Nf6 2. Bg5 d5 3. e3 c5 4. Bxf6 gxf6 5. Nc3 Nc6 6. Bb5 e6 7. Qh5 cxd4 8.
exd4 a6 9. Bxc6+ bxc6 10. Nge2 Rb8 11. b3 c5 12. O-O Qc7 13. Rad1 cxd4 14. Rxd4
Rb4 15. Rd3 Rg8 16. g3 Bb7 17. Re1 Rg5 18. Qxh7 Qc6 19. a3 Rbg4 20. f3 Rg7 21.
Qh3 R4g5 22. Qf1 Bxa3 23. Kg2 Kf8 24. Nd4 Qc7 25. Nce2 Rh5 26. f4 e5 27. c3
exd4 28. Nxd4 Bc8 29. Qe2 Rgh7 30. Nf3 Bh3+ 31. Kh1 Bc5 32. b4 Bd6 33. Nd4 Bg4
34. Qe8+ Kg7 35. h4 Bxf4 {The remainder of the scoresheet is illegible} 0-1

[Event "Tradewise Gibraltar Masters 16th"]
[Site "Gibraltar"]
[Date "2018.02.01"]
[Round "10.52"]
[White "Steinberg, Nitzan"]
[Black "Hemant, Sharma (Del)"]
[Result "1/2-1/2"]
[WhiteElo "2512"]
[BlackElo "2348"]
[PlyCount "46"]
[EventDate "2018.01.23"]
[EventType "swiss"]
[EventRounds "10"]
[EventCountry "GGB"]
[SourceTitle "BritBase"]
[Source "www.saund.co.uk"]
[SourceDate "2018.02.10"]
[SourceVersion "1"]
[SourceVersionDate "2018.02.10"]
[SourceQuality "1"]

1. e4 c5 2. Nf3 d6 3. d4 cxd4 4. Nxd4 Nf6 5. Nc3 a6 6. Be2 e5 7. Nf3 h6 8. O-O
Be7 9. a4 Be6 10. Nd2 Qc7 11. Bf3 O-O 12. Re1 Nc6 13. Nf1 Nb4 14. Ne3 Rac8 15.
Re2 Rfe8 16. Rd2 Bf8 17. g3 g6 18. Bg2 Red8 19. Ra3 Qa5 20. Ra1 Qc7 21. Ra3 Qa5
22. Ra1 Qc7 23. Ra3 Qa5 1/2-1/2

[Event "Tradewise Gibraltar Masters 16th"]
[Site "Gibraltar"]
[Date "2018.02.01"]
[Round "10.53"]
[White "Gara, Ticia"]
[Black "Goryachkina, Aleksandra"]
[Result "1/2-1/2"]
[WhiteElo "2331"]
[BlackElo "2493"]
[PlyCount "84"]
[EventDate "2018.01.23"]
[EventType "swiss"]
[EventRounds "10"]
[EventCountry "GGB"]
[SourceTitle "BritBase"]
[Source "www.saund.co.uk"]
[SourceDate "2018.02.10"]
[SourceVersion "1"]
[SourceVersionDate "2018.02.10"]
[SourceQuality "1"]

1. Nf3 d5 2. g3 c6 3. Bg2 Bg4 4. O-O Nf6 5. d4 e6 6. Nbd2 Be7 7. Re1 O-O 8. e4
h6 9. c3 dxe4 10. Nxe4 Nxe4 11. Rxe4 Bf5 12. Re1 Nd7 13. Qb3 Qb6 14. Nd2 a5 15.
Nc4 Qa6 16. a4 Bd3 17. Ne5 Nxe5 18. Rxe5 Rfd8 19. Re1 Rac8 20. Bf4 Rd7 21. Be5
c5 22. Rad1 Rcd8 23. Be4 Bc4 24. Qc2 Qb6 25. Qc1 Bb3 26. Bc2 f6 27. Bf4 Bxc2
28. Qxc2 cxd4 29. Rxd4 Rxd4 30. cxd4 Rxd4 31. Qg6 Bf8 32. Bxh6 Qd8 33. Be3 Rd1
34. Kf1 Qd5 35. Ke2 Rxe1+ 36. Kxe1 Qh1+ 37. Ke2 Qxh2 38. Qg4 e5 39. Qe6+ Kh7
40. Qf5+ Kg8 41. Qe6+ Kh7 42. Qf5+ Kg8 1/2-1/2

[Event "Tradewise Gibraltar Masters 16th"]
[Site "Gibraltar"]
[Date "2018.02.01"]
[Round "10.54"]
[White "Cuenca Jimenez, Jose Fernando"]
[Black "Batchimeg, Tuvshintugs"]
[Result "1-0"]
[WhiteElo "2489"]
[BlackElo "2398"]
[PlyCount "63"]
[EventDate "2018.01.23"]
[EventType "swiss"]
[EventRounds "10"]
[EventCountry "GGB"]
[SourceTitle "BritBase"]
[Source "www.saund.co.uk"]
[SourceDate "2018.02.10"]
[SourceVersion "1"]
[SourceVersionDate "2018.02.10"]
[SourceQuality "1"]

1. d4 Nf6 2. c4 e6 3. Nc3 c5 4. d5 exd5 5. cxd5 g6 6. e4 d6 7. f4 Bg7 8. Bb5+
Bd7 9. e5 Nh5 10. Nf3 Bxb5 11. Nxb5 Qa5+ 12. Nc3 Qb4 13. Qe2 O-O 14. a3 Qb3 15.
Qb5 Qxb5 16. Nxb5 dxe5 17. fxe5 Nd7 18. g4 Nxe5 19. Nxe5 Rae8 20. O-O Rxe5 21.
gxh5 Rxh5 22. d6 a6 23. Nc3 Bd4+ 24. Kg2 f5 25. Ne2 Rh4 26. Nxd4 Rg4+ 27. Kf3
cxd4 28. h3 Rh4 29. Bg5 Rxh3+ 30. Kg2 Rb3 31. d7 Rxb2+ 32. Rf2 1-0

[Event "Tradewise Gibraltar Masters 16th"]
[Site "Gibraltar"]
[Date "2018.02.01"]
[Round "10.55"]
[White "Perez Garcia, Rodney Oscar"]
[Black "Stefanova, Antoaneta"]
[Result "1/2-1/2"]
[WhiteElo "2320"]
[BlackElo "2489"]
[PlyCount "81"]
[EventDate "2018.01.23"]
[EventType "swiss"]
[EventRounds "10"]
[EventCountry "GGB"]
[SourceTitle "BritBase"]
[Source "www.saund.co.uk"]
[SourceDate "2018.02.10"]
[SourceVersion "1"]
[SourceVersionDate "2018.02.10"]
[SourceQuality "1"]

1. e4 e5 2. Nf3 Nc6 3. Bc4 Bc5 4. O-O Nf6 5. d3 d6 6. c3 h6 7. Nbd2 a5 8. Bb3
O-O 9. Re1 Be6 10. h3 Bxb3 11. Nxb3 Ba7 12. a4 d5 13. Qe2 Re8 14. Nbd2 Nh5 15.
Nf1 dxe4 16. dxe4 Qf6 17. g3 Qe6 18. Kh2 Nf6 19. Qb5 Bb6 20. N1d2 Nd7 21. Nc4
Bc5 22. Ne3 b6 23. Nd5 Rac8 24. Nh4 Ncb8 25. Qe2 c6 26. Ne3 Bf8 27. Nc4 Bc5 28.
Nf5 Nf6 29. Rb1 Red8 30. f3 Nbd7 31. Rd1 Ra8 32. Be3 b5 33. axb5 cxb5 34. Ncd6
Rdb8 35. Nxb5 Qc6 36. Nbd6 Qa6 37. Qxa6 Rxa6 38. Nc4 Bf8 39. Rd2 a4 40. Ra1 Rc8
41. Na3 1/2-1/2

[Event "Tradewise Gibraltar Masters 16th"]
[Site "Gibraltar"]
[Date "2018.02.01"]
[Round "10.56"]
[White "Almagro Llamas, Pablo"]
[Black "Haria, Ravi"]
[Result "0-1"]
[WhiteElo "2479"]
[BlackElo "2374"]
[PlyCount "68"]
[EventDate "2018.01.23"]
[EventType "swiss"]
[EventRounds "10"]
[EventCountry "GGB"]
[SourceTitle "BritBase"]
[Source "www.saund.co.uk"]
[SourceDate "2018.02.10"]
[SourceVersion "1"]
[SourceVersionDate "2018.02.10"]
[SourceQuality "1"]

1. d4 e6 2. Nf3 Nf6 3. e3 d5 4. c4 a6 5. Nbd2 Nbd7 6. b3 b6 7. Bd3 Bd6 8. Bb2
Bb7 9. O-O O-O 10. Qe2 Ne4 11. Rfd1 c5 12. cxd5 exd5 13. dxc5 Ndxc5 14. Nf1 Qe7
15. Rac1 Rac8 16. Ng3 g6 17. Bb1 a5 18. Bd3 h5 19. Bb5 h4 20. Nf1 h3 21. g3 Ne6
22. Ba6 Rxc1 23. Rxc1 d4 24. Bxd4 Ba8 25. N3d2 N6g5 26. f4 Ne6 27. Nxe4 Bxe4
28. Nd2 Ba8 29. Bb2 Bc5 30. Re1 Re8 31. Qg4 Ng5 32. Be5 Qd8 33. Re2 Qd5 34.
Qxg5 Bxe3+ 0-1

[Event "Tradewise Gibraltar Masters 16th"]
[Site "Gibraltar"]
[Date "2018.02.01"]
[Round "10.57"]
[White "Paehtz, Elisabeth"]
[Black "Papp, Petra"]
[Result "1-0"]
[WhiteElo "2464"]
[BlackElo "2324"]
[PlyCount "129"]
[EventDate "2018.01.23"]
[EventType "swiss"]
[EventRounds "10"]
[EventCountry "GGB"]
[SourceTitle "BritBase"]
[Source "www.saund.co.uk"]
[SourceDate "2018.02.10"]
[SourceVersion "1"]
[SourceVersionDate "2018.02.10"]
[SourceQuality "1"]

1. d4 Nf6 2. Bf4 g6 3. Nc3 d5 4. e3 Bg7 5. h4 c6 6. Nf3 b5 7. Ne5 Nfd7 8. Nd3
Nf6 9. Be2 h5 10. a4 bxa4 11. Rxa4 Nbd7 12. Qa1 Qb6 13. Rb4 Qa6 14. O-O Ne4 15.
Ra4 Qb6 16. Qa3 Nxc3 17. bxc3 O-O 18. Qxe7 Bf6 19. Qd6 Re8 20. Bg5 Bg7 21. Qa3
Bf8 22. Qa2 Qc7 23. Bf4 Qb7 24. Ra1 a6 25. Rb1 Nb6 26. Ra5 Qa7 27. Ne5 Re6 28.
c4 Nxc4 29. Nxc4 dxc4 30. Qxc4 Be7 31. Bf3 Bd7 32. Rba1 Qb6 33. g3 Bc8 34. d5
cxd5 35. Bxd5 Bb7 36. Bxe6 fxe6 37. Bc7 Rc8 38. Bxb6 Rxc4 39. R5a2 g5 40. hxg5
Bxg5 41. Bd4 Kf7 42. Rb2 Rc7 43. Ra5 Kg6 44. Rb6 Bc8 45. c3 Be7 46. Raxa6 Bxa6
47. Rxe6+ Kf5 48. Rxa6 h4 49. gxh4 Bxh4 50. Kf1 Rb7 51. Rb6 Rf7 52. Ke2 Kg4 53.
f4 Rf8 54. Rb7 Ra8 55. Rg7+ Kf5 56. Kf3 Ra1 57. e4+ Ke6 58. f5+ Kd6 59. Rg6+
Kd7 60. e5 Re1 61. Rd6+ Ke7 62. f6+ Ke8 63. Kf4 Kf7 64. Kf5 Rf1+ 65. Ke4 1-0

[Event "Tradewise Gibraltar Masters 16th"]
[Site "Gibraltar"]
[Date "2018.02.01"]
[Round "10.58"]
[White "Merario Alarcon, Andres"]
[Black "Lou, Yiping"]
[Result "1-0"]
[WhiteElo "2298"]
[BlackElo "2462"]
[PlyCount "67"]
[EventDate "2018.01.23"]
[EventType "swiss"]
[EventRounds "10"]
[EventCountry "GGB"]
[SourceTitle "BritBase"]
[Source "www.saund.co.uk"]
[SourceDate "2018.02.10"]
[SourceVersion "1"]
[SourceVersionDate "2018.02.10"]
[SourceQuality "1"]

1. d4 Nf6 2. c4 g6 3. f3 Bg7 4. e4 O-O 5. Nc3 c5 6. d5 d6 7. Nge2 e6 8. Ng3
exd5 9. cxd5 h5 10. Be2 Nh7 11. Be3 Nd7 12. O-O h4 13. Nh1 f5 14. exf5 gxf5 15.
Qd2 Qf6 16. Nf2 f4 17. Nfe4 Qh6 18. Bf2 a6 19. Rab1 b5 20. b4 h3 21. bxc5 hxg2
22. Kxg2 Nxc5 23. Kh1 Nxe4 24. Nxe4 Rf5 25. Bd4 Be5 26. Rf2 Kh8 27. Rg1 Bb7 28.
Rfg2 Rd8 29. Rg6 Qf8 30. Qb2 Bxd5 31. Rxd6 Bxd4 32. Qxd4+ Nf6 33. Rxd8 Qxd8 34.
Rg6 1-0